| 000 | 00396nam a2200145Ia 4500 | ||
|---|---|---|---|
| 008 | 230917s9999||||xx |||||||||||||| ||und|| | ||
| 040 |
_e166978 _aMAIN |
||
| 041 | _aEnglish | ||
| 082 | _a954.029 C631C | ||
| 100 | _aSharma, Yogesh, ed. | ||
| 245 | 0 | _aCoastal histories: Society and ecology in pre-modern India | |
| 260 |
_aNew Delhi _bPrimus Books _c2010 |
||
| 300 | _axv, 215 p. | ||
| 942 | _cBK | ||
| 999 |
_c155554 _d155554 |
||